Name Any Two II Quiz Stats

 Plays Quiz Updated Jul 18, 2014

Support Sporcle.
Go Orange.
Score 0/100 Timer 05:00
0 Plays Today
% Correct
SINGEṚ 5
90.1%
SINGḘR 1
89.8%
FRIḚND 3
89.4%
FṚIEND 6
89.2%
FRIENḎ 5
89.1%
FRIEṄD 2
89%
FRḬEND 4
89%
SḬNGER 3
88.8%
SIṄGER 4
88.6%
SINḠER 2
87.4%
FRIEṄD 1
81%
NḀRNIA 1
78.9%
ṄARNIA 3
78.8%
NARNḬA 2
78.8%
NAṚNIA 5
78.7%
ṄARNIḀ 4
78.7%
ṨTAGE 4
77.7%
NARNIḀ 6
77.5%
SṮAGE 5
77.3%
STḀGE 1
76.7%
STAGḘ 2
75.9%
STAḠE 3
75.7%
ḄOOK 3
74.6%
BOṒK 2
74.6%
BOOḰ 4
74.5%
RṌCK 3
73.5%
ḄṒOK 5
73.2%
BṒOK 1
70.4%
ROḈK 1
69.3%
WONḎER 1
69.1%
WONDḘR 2
69.1%
WṌNDER 4
69%
WOṄDER 6
68.3%
WONDEṚ 7
67.5%
% Correct
WOṄDER 3
65.7%
ROCḰ 2
65.1%
TEḀM 3
64.8%
TEAṂ 4
64.4%
ṮEḀM 5
63.9%
ṮEAṂ 6
63.5%
TḚAM 2
63.3%
ṮEAM 1
62.7%
BOṒḰ 6
62.2%
ḚLEMENT 3
61.7%
ELEMENṮ 2
59.1%
CṒUNTRY 2
58.5%
ELEMEṈT 1
58.4%
NAṚNIA 7
56.9%
COUṈTRY 3
56%
COUNṮRY 4
55.7%
ḈOUNTRY 1
55%
ẂONDEṚ 5
53.4%
EVḘNT 4
52.1%
EVENṮ 3
51.9%
EVENṮ 5
50.6%
ḘVENT 1
50.1%
EVEṄT 2
50%
MUSKETḘER 1
46.5%
ṀUSKETEER 2
46.5%
MUSKETEEṚ 3
45.3%
ṀOOṄ 3
37.3%
MṌOṄ 2
36.9%
ṀOON 1
36.1%
EḶEMENT 4
35.8%
ḠIRL 1
35.4%
COḸLEGE 6
35%
CṌLLEGḘ 5
34.9%
COLḸEGE 4
34.6%
% Correct
GIRḸ 3
33.8%
ḈOLLEGE 1
33.7%
CṌLLEGE 7
33.7%
COLLEḠE 3
33.2%
GḬRL 2
32.3%
COLLḘGE 2
32%
MOṌN 4
23.7%
ḬSLAND 3
22.4%
ISLḀND 1
21.3%
MOVḬE 2
16.2%
ṀOVIE 3
16.2%
MOṾIE 5
16%
ḤILḸ 1
15.1%
HḬLL 6
15.1%
HḬLL 2
15.1%
HIḸL 3
14.7%
HIḸḸ 5
14.7%
MOVIḘ 6
14.4%
ISLANḎ 2
14.2%
SOLIḎ 1
13.9%
SṌLID 4
13.9%
ṨOLID 5
13.9%
SOḸID 3
13.8%
MOVIḘ 1
13.7%
ḤILL 7
13.7%
MṌVIE 4
12.6%
ḤILL 4
10.7%
ḞIGHTER 2
9.6%
FIGHTḘR 1
9.5%
FIGḤTER 4
9.3%
SOLḬD 2
9.3%
FIḠHTER 3
8.7%

You're not logged in!

Compare scores with friends on all Sporcle quizzes.
OR
Log In

From the Vault

Movie Word Quintets VII

by Larryholmes79

"The point is, ladies and gentleman, that Sporcle, for lack of a better word, is good."
Remove Ads.
Support Sporcle.
Get the best of Sporcle when you Go Orange. This ad-free experience offers more features, more stats, and more fun while also helping to support Sporcle. Thank you for becoming a member.

Show Comments

Extras

Top Quizzes Today


Score Distribution

Your Account Isn't Verified!

In order to create a playlist on Sporcle, you need to verify the email address you used during registration. Go to your Sporcle Settings to finish the process.

Report this User

Report this user for behavior that violates our Community Guidelines.

Details: